The poetical works : of Milton. In two volumes. ...

Bibliographic Details
Main Author: Milton, John, 1608-1674
Format: eBook
Language:English
Series:Eighteenth century collections online.
Online Access:Full text online

MARC

Tag First Indicator Second Indicator Subfields
LEADER 00000cam a2200000 4500
001 in00001925897
006 m | d |
007 cr |n||||||||n
008 820210s1762 stk|||| s 00||||eng d
005 20260403181930.0
035 |a (CStRLIN)ESTCT134628 
040 |a Uk-ES  |c Uk-ES  |d CStRLIN  |d Thomson Gale  |d UtOrBLW 
100 1 |a Milton, John,  |d 1608-1674. 
243 1 0 |a Poems 
245 1 4 |a The poetical works :  |b of Milton. In two volumes. ... 
264 3 |a Edinburgh :  |b printed by A. Donaldson and J. Reid. For Alexander Donaldson,  |c 1762. 
300 |a 2 volumes,plates ;  |c 8⁰. 
336 |a text  |b txt  |2 rdacontent 
337 |a computer  |b c  |2 rdamedia 
338 |a online resource  |b cr  |2 rdacarrier 
500 |a Includes: 'The life of Milton.'. 
500 |a Reproduction of original from the British Library. 
510 4 |a Alston,  |c III.105 
510 4 |a English Short Title Catalog,  |c ESTCT134628. 
533 |a Electronic reproduction.  |b Farmington Hills, Mich. :  |c Thomson Gale,  |d 2003.  |n Available via the World Wide Web.  |n Access limited by licensing agreements  |7 s2003 miunns 
500 |a Electronic resource. 
830 0 |a Eighteenth century collections online. 
856 4 0 |u http://proxy.library.tamu.edu/login?url=https://galenet.galegroup.com/servlet/ECCO?c=1&stp=Author&ste=11&af=BN&ae=T134628&tiPG=1&dd=0&dc=flc&docNum=CW110399056&vrsn=1.0&srchtp=a&d4=0.33&n=10&SU=0LRK&locID=txshracd2898  |z Full text online  |t 0 
999 |a MARS 
999 f f |s 2b7d441f-82ed-3470-bb11-39d58ea1fc64  |i daeaa8de-3003-3fdf-b599-2b838dbcaf7f  |t 0 
952 f f |a Texas A&M University  |b College Station  |c Electronic Resources  |s www_evans  |d Available Online  |t 0  |h No information provided 
998 f f |t 0  |l Available Online